Read on : An EFL reader intermediate level with glossary

Na minha lista:
Detalhes bibliográficos
Autor principal: Curry, Dean
Formato: Livro
Idioma:Undetermined
Publicado em: Washington, D.C. Educational and Cultural Affairs 1982
Assuntos:
Tags: Adicionar Tag
Sem tags, seja o primeiro a adicionar uma tag!
Thư viện lưu trữ: Trung tâm Học liệu Trường Đại học Cần Thơ
LEADER 00531nam a2200193Ia 4500
001 CTU_29173
008 210402s9999 xx 000 0 und d
082 |a 428.2407 
082 |b C976 
100 |a Curry, Dean 
245 0 |a Read on : 
245 3 |b An EFL reader intermediate level with glossary 
245 0 |c Dean Curry 
260 |a Washington, D.C. 
260 |b Educational and Cultural Affairs 
260 |c 1982 
650 |a English language 
904 |i Minh 
980 |a Trung tâm Học liệu Trường Đại học Cần Thơ